| 000 | 01119nam a22003497a 4500 | ||
|---|---|---|---|
| 001 | BR7311235 | ||
| 003 | BR-BrBNA | ||
| 005 | 20230928084234.0 | ||
| 007 | ta | ||
| 008 | 230509b bl.||||| |||| 00| 0 por d | ||
| 040 |
_aBR-BrBNA _bpor _cBiblioteca Nacional de Agricultura |
||
| 041 | _a(Por) | ||
| 072 |
_aF00 _b0180 _b/G514 |
||
| 090 | _ 0180 BR7311235 | ||
| 100 | 1 | _aNadal, R. de | |
| 100 | 1 | _aBecker, A. | |
| 100 | 1 | _aGoncalves, D.G. | |
| 100 | 1 | _aPentzsch, F.J.N.D. | |
| 100 | 1 | _aOliveira, J.A. de | |
| 100 | 1 | _aRezende, S. de Q. | |
| 100 | 1 | _aOchotorena, W. | |
| 110 | 1 |
_aSecretaria da Agricultura, Porto Alegre, RS (Brasil). Unidade de Economia Agricola _98500 |
|
| 245 | 1 | _aPesquisa das intencoes de plantio de trigo no Rio Grande do Sul [Triticum spp., Brasil] | |
| 260 | 3 |
_aPorto Alegre, RS (Brasil): _c1973. |
|
| 300 | _a13 p. | ||
| 500 | _a(*) Documento disponível no(a) Comissao Estadual de Planejamento Agricola, Porto Alegre, RS (Brazil) | ||
| 650 | _aPRODUCAO VEGETAL | ||
| 650 | _aTRIGO | ||
| 650 | _aRIO GRANDE DO SUL | ||
| 909 |
_a202309 _bLucia _c55 _dLucia Elande |
||
| 942 | _cBK | ||
| 999 |
_c17630 _d17630 |
||